Grundrisse : (Record no. 14590)

MARC details
000 -BAŞLIK
Sabit Uzunlukta Kontrol Alanı 00742nam a22002177a 4500
999 ## - SİSTEM KONTROL NUMARALARI (KOHA)
Koha Biblionumber 14590
Koha Biblioitemnumber 14590
003 - KONTROL NUMARASI IDENTIFIER
Denetim Alanı MIRAKIL
005 - SON İŞLEM TARİHİ VE ZAMANI
Denetim Alanı 20211103153019.0
008 - SABİT-BOY VERİ ELEMANLARI - GENEL BİLGİLER
Sabit Uzunlukta Kontrol Alanı 211103b tu ||||| |||| 00| 0 tur d
040 ## - KATALOGLAMA KAYNAK
Orijinal Kataloglama Ajansı TR-AnCHP
Metne Dönüştürmek Ajansı TR-AnCHP
041 ## - DİL KODU
Metin / Ses Parça Veya Ayrı Başlığın Dil Kodu Tur
082 ## - DEWEY ONLU SINIFLANDIRMA NUMARASI
Sınıflandırma Numarası 335.41
Ürün Numarası M26g 1979
100 1# - ANA GİRİŞ - KİŞİSEL İSİM
Kişisel Ad Marx, Karl
245 10 - BAŞLIK TABLOSU
Başlık Grundrisse :
Başlığın Kalan Ekonomi politiğin eleştirisi için ön çalışma /
Sorumluluk Tablosu, Vb Karl Marx ; çeviren Sevan Nişanyan
246 ## - UNVAN FORM VARYING
Başlık Doğru / Kısa Başlığı Ekonomi politiğin eleştirisi için ön çalışma
260 ## - YAYIN, DAĞITIM, VB
Yayın, Dağıtım, Vb Yeri İstanbul :
Yayıncı, Dağıtıcı, Vs Adı Birikim Yayınları,
Yayın, Dağıtım, Vb Tarihi 1979.
300 ## - FİZİKSEL TANIM
Kapsam 734 s.:
Boyutlar 19 sm.
650 #0 - KONU KATMA GİRİŞ - TOPİKAL DÖNEM
9 (RLIN) 666
Topikal Süreli Veya Coğrafi Ad Giriş Elemanı marksizm
Genel Alt Bölümü ekonomik sistem
700 ## - KATMA GİRİŞ - KİŞİSEL İSİM
9 (RLIN) 6163
Kişisel Ad Nişanyan, Sevan
Relator Terim çev.
740 ## - KATMA GİRİŞ - KONTROLSUZ İLGİLİ / ANALİTİK BAŞLIK
Kontrol Edilmeyen / İlgili Analitik Başlıktaki Ekonomi politiğin eleştirisi için ön çalışma
942 ## - EKLENDİ GİRİŞ ELEMANLARI (KOHA)
Sınıflandırma Veya Raf Düzeni Kaynak Dewey Decimal Classification
Koha Öğesi Türü Books
Holdings
Kalıcı Konum Mevcut Konum Edinme Tarihi Toplam Check-Out'Lar Tam Çağrı Numarası Barkod Tarih Son Görülme İtibaren Geçerli Fiyatlar Sigara Kamu Notu Koha Öğesi Türü
CHP Kütüphanesi CHP Kütüphanesi 11/03/2021   335.41 M26g 1979 020085 11/03/2021 11/03/2021 Emin Değer Bağışıdır. Books